| 000 | 00391cam a2200181 4500 | ||
|---|---|---|---|
| 001 | D13691 | ||
| 008 | 090401t1947 xxu||||| |||| 00| 0 eng d | ||
| 035 | _a(Sirsi) u11160 | ||
| 041 | _aeng | ||
| 100 | _aRea, John T | ||
| 245 | _aHow to Estimate | ||
| 250 | _a10th | ||
| 260 |
_aLondon _bB T Batsford _c1947 |
||
| 350 | _a0 | ||
| 520 | _aShelf 160 | ||
| 942 | _n0 | ||
| 948 | _c04/03/1997 | ||
| 999 |
_c86822 _d86822 |
||